000 01088nam a22003257a 4500
003 CHAP
005 20220329135235.0
008 971013s1976 r 00010 d
010 _a33140
011 _a34112
035 _a38228
040 _cCHAP
090 _aTesis
100 0 0 _aElizondo Garza, Homero Alberto.
_936323
245 _aEfecto de los niveles nutricionales en gallinas ponedoras durante su primer ciclo de postura
260 _aMonterrey, N.L. :
_bEl autor,
_c1976
300 _a87 h.
502 _aTesis (Ing. Agr. Zootecnista) -- ITESM. Div. de Ciencias Agropecuarias y Marítimas
590 _aALEPH
_b10
_c20130110
_lUCH01
_h1257
590 _aBATCH-UPD
_b10
_c20130110
_lUCH01
_h0236
590 _aBATCH-UPD
_b10
_c20130110
_lUCH01
_h1759
590 _aBATCH-UPD
_b10
_c20130409
_lUCH01
_h2301
590 _aBATCH-UPD
_b10
_c20130914
_lUCH01
_h0443
590 _aCONVERSION
_b10
_c20130109
_lUCH01
_h1319
650 1 4 _aAves de corral.
_98636
650 1 4 _aHuevos
_xPeso y tamaño.
_956756
901 _aBK
942 _cTESIS
949 _bBC
_cTES
_d-87368
_eTS1
_i38228
_si
999 _c33140
_d33140